UM Logo
Normal view MARC view
  • Dowling, Christine.

Entry Personal Name

Number of records used in: 1

001 - CONTROL NUMBER

  • control field: 40532

003 - CONTROL NUMBER IDENTIFIER

  • control field: OSt

005 - DATE AND TIME OF LATEST TRANSACTION

  • control field: 20191022153045.0

008 - FIXED-LENGTH DATA ELEMENTS

  • fixed length control field: 191022|| aca||aabn | a|a d

040 ## - CATALOGING SOURCE

  • Original cataloging agency: OSt

100 ## - HEADING--PERSONAL NAME

  • Personal name: Dowling, Christine.